La peur de grossir : Psychonutrition des troubles alimentaires (notice n° 1567650)

détails MARC
000 -LEADER
fixed length control field 01663cam a2200133 4500500
005 - DATE AND TIME OF LATEST TRANSACTION
control field 20251214003239.0
041 ## - LANGUAGE CODE
Language code of text/sound track or separate title fre
042 ## - AUTHENTICATION CODE
Authentication code dc
100 10 - MAIN ENTRY--PERSONAL NAME
Personal name Waysfeld, Bernard
Relator term author
245 00 - TITLE STATEMENT
Title La peur de grossir : Psychonutrition des troubles alimentaires
260 ## - PUBLICATION, DISTRIBUTION, ETC.
Name of publisher, distributor, etc. Armand Colin,<br/>
Date of publication, distribution, etc. 2013.<br/>
520 ## - SUMMARY, ETC.
Summary, etc. Notre société a peur de vieillir et de mourir. Elle a aussi terriblement peur de grossir. Confrontées à une situation de disponibilité et de pléthore jamais connue, de nombreuses jeunes femmes se soumettent à une alimentation contrôlée et restreinte. Ce comportement conduit à des troubles alimentaires, anorexies et boulimies notamment, avec leur cortège de désordres physiques et mentaux sévères. Primitive ou secondaire, la peur de grossir se trouve au cœur de la plupart des troubles alimentaires. Cette peur entretient et aggrave ces troubles. Il faut donc intervenir pour rompre le cercle vicieux : restriction-anorexie-boulimie, désordres psychologiques. Liés à des causes multiples, ces troubles alimentaires ne peuvent être abordés sous un seul angle. Seule une approche multidisciplinaire permet de pacifier la relation à l’aliment et au corps. À travers l’analyse minutieuse de tous les facteurs en cause, Bernard Waysfeld envisage les différentes prises en charge et privilégie l’approche de la personne dans sa singularité. Car réduire le trouble alimentaire à un simple trouble des conduites ou pire à un trouble nutritionnel constitue une démarche contre-productive vouée à l’échec.
856 41 - ELECTRONIC LOCATION AND ACCESS
Uniform Resource Identifier <a href="https://shs.cairn.info/la-peur-de-grossir--9782200288631?lang=fr&redirect-ssocas=7080">https://shs.cairn.info/la-peur-de-grossir--9782200288631?lang=fr&redirect-ssocas=7080</a>

Pas d'exemplaire disponible.

PLUDOC

PLUDOC est la plateforme unique et centralisée de gestion des bibliothèques physiques et numériques de Guinée administré par le CEDUST. Elle est la plus grande base de données de ressources documentaires pour les Étudiants, Enseignants chercheurs et Chercheurs de Guinée.

Adresse

627 919 101/664 919 101

25 boulevard du commerce
Kaloum, Conakry, Guinée

Réseaux sociaux

Powered by Netsen Group @ 2025